000 00359nam a2200145Ia 4500
008 230917s9999||||xx |||||||||||||| ||und||
040 _e48856
_aMAIN
041 _aEnglish
082 _a954.01 A14H
100 _aAwasthi, A B L
245 0 _aHistory from the Puranas
260 _aLucknow
_bKailash Prakashan
_c1975
300 _aviii, 176 p.
942 _cBK
999 _c199121
_d199121